|
|
|
|
| LEADER |
00000nab a2200000 a 4500 |
| 001 |
vtls009286226 |
| 003 |
SK-MaSNL |
| 005 |
20260304204756.0 |
| 008 |
250506c2008 xo |||||||||||000 b|slo |
| 015 |
|
|
|a SNBRB2008/04
|2 snkbucl
|
| 035 |
|
|
|a (uuid)6195228b-a289-4682-a5ef-08619fc2a093
|
| 035 |
|
|
|a urn:nbn:sk:snk-ab126x
|
| 035 |
|
|
|a (urnnbn)urn:nbn:sk:snk:ar-a05aln
|
| 038 |
|
|
|a SNKBUCL
|
| 040 |
|
|
|a SNKBUCL
|b slo
|c SNKBUCL
|e AACR2
|
| 041 |
0 |
|
|a slo
|
| 044 |
|
|
|a xo
|c SK
|
| 080 |
|
|
|a 004:332.122
|x (73)
|2 2001
|
| 080 |
|
|
|a 332.122
|2 2001
|
| 100 |
1 |
|
|a Macko, Ondrej
|4 aut
|9 270160
|
| 245 |
1 |
0 |
|a Ako sa žije a pracuje v Silicon Valley?
|c Ondrej Macko
|
| 300 |
|
|
|b Fotogr.
|
| 650 |
0 |
7 |
|a technologické parky
|2 snkbucl
|9 467872
|
| 650 |
0 |
7 |
|a informačné technológie
|2 snkbucl
|9 1527
|
| 650 |
0 |
7 |
|a firmy
|2 snkbucl
|9 2190
|
| 651 |
|
7 |
|a Santa Clara (Calif.)
|2 snkbucl
|9 125219
|
| 655 |
|
7 |
|a reportáže
|2 snkbucl
|9 28856
|
| 773 |
0 |
|
|t PC revue
|g Roč. XVI, č. 4 (2008), s. [22]-26
|x 1335-0226
|
| 850 |
|
|
|a Slovenská národná knižnica
|
| 852 |
|
|
|a Slovenská národná knižnica
|
| 954 |
|
|
|a odborná, vedecká literatúra pôvodná (slovenská)
|2 lita
|
| 958 |
|
|
|a article27
|
| 958 |
|
|
|a US
|
| 958 |
|
|
|a OND
|
| 958 |
|
|
|a EUIPO
|
| 999 |
|
|
|c 3117828
|d 3119758
|